[Event "ARG-ch U18 Girls"]
[Site "Ibague"]
[Date "2024.03.16"]
[Round "5"]
[White "Bonilla Barreiro, Maria Jose"]
[Black "Mendoza Gomez, Juana Fernanda"]
[Result "1-0"]
[WhiteElo "1687"]
[BlackElo "1803"]
[PlyCount "89"]
[EventDate "2024.03.14"]
[EventType "swiss"]
[EventRounds "7"]
[EventCountry "COL"]
[SourceTitle "CB12_2024"]
[SourceDate "2023.10.01"]
[SourceVersion "1"]
[SourceVersionDate "2023.10.01"]
[SourceQuality "1"]

1. e4 c5 2. Nf3 Nc6 3. Bb5 e6 4. 0-0 Nge7 5. Re1 a6 6. Bf1 Ng6 7. c3 Be7 8. d4 cxd4 9. cxd4 d6 10. Nc3 0-0 11. a3 e5 12. d5 Nb8 13. Be3 f5 14. Na4 Nd7 15. exf5 Rxf5 16. Bd3 Rf8 17. Bxg6 hxg6 18. Qc2 Rf5 19. Rac1 b5 20. Qc6 Rb8 21. Nb6 Rxb6 22. Bxb6 Nxb6 23. h3 Rf8 24. b3 Nd7 25. Qc2 Nc5 26. Qd1 Bf5 27. Re3 Bg5 28. Nxg5 Qxg5 29. g4 Ne4 30. Qe2 Nxf2 31. Qxf2 Bxg4 32. Qg3 Rf3 33. Rc8+ Rf8 34. Rxf8+ Kxf8 35. hxg4 Ke7 36. Kg2 Kd7 37. Qf3 Ke7 38. Kg3 Qh6 39. Re2 Qc1 40. Kg2 g5 41. Qf5 Qf4 42. Qe6+ Kd8 43. Qxd6+ Kc8 44. Rc2+ Kb7 45. Rc7+ 1-0

[Event "COL-ch U20 Girls"]
[Site "Cali"]
[Date "2024.03.01"]
[Round "5"]
[White "Susunaga Duran, Madelen Fernanda"]
[Black "Bonilla Barreiro, Maria Jose"]
[Result "0-1"]
[WhiteElo "1357"]
[BlackElo "1479"]
[PlyCount "54"]
[EventDate "2024.02.28"]
[EventType "swiss"]
[EventRounds "9"]
[EventCountry "COL"]
[SourceTitle "CB11_2024"]
[SourceDate "2024.03.13"]
[SourceVersion "1"]
[SourceVersionDate "2024.03.13"]
[SourceQuality "1"]

1. e4 c5 2. Nf3 d6 3. d4 cxd4 4. Nxd4 Nf6 5. Nc3 a6 6. g3 e6 7. Bg2 Be7 8. 0-0 0-0 9. a4 Qc7 10. h3 Nc6 11. Nb3 b6 12. f4 Bb7 13. g4 Nd7 14. f5 Bf6 15. g5 Bxc3 16. bxc3 exf5 17. exf5 Nce5 18. Bxb7 Qxb7 19. f6 Qe4 20. Nd4 g6 21. Rf4 Qb7 22. Rh4 Nc5 23. Rxh7 Kxh7 24. h4 Ne6 25. h5 Nxd4 26. cxd4 Qf3 27. hxg6+ Kxg6 0-1

[Event "COL-ch U20 Girls"]
[Site "Cali"]
[Date "2023.06.24"]
[Round "4"]
[White "Bonilla Barreiro, Maria Jose"]
[Black "Acosta Angulo, Mariana Valentina"]
[Result "0-1"]
[WhiteElo "1362"]
[BlackElo "1541"]
[PlyCount "80"]
[EventDate "2023.06.22"]
[EventType "swiss"]
[EventRounds "7"]
[EventCountry "COL"]
[SourceTitle "CBM 214 Extra"]
[Source "ChessBase"]
[SourceDate "2023.07.31"]
[SourceVersion "1"]
[SourceVersionDate "2023.07.31"]
[SourceQuality "1"]

1. d4 Nf6 2. Bf4 d5 3. Nf3 Bf5 4. e3 e6 5. Bd3 Ne4 6. Nbd2 Nd7 7. Ne5 Ndf6 8. f3 Nd6 9. Qe2 c6 10. e4 Nh5 11. Bg3 Bg6 12. 0-0-0 Qa5 13. Kb1 Be7 14. Nxg6 hxg6 15. Bxd6 Bxd6 16. Nb3 Qc7 17. e5 Be7 18. Qe3 g5 19. g3 g6 20. c4 a6 21. c5 0-0-0 22. Nc1 Qa5 23. Ne2 b6 24. cxb6 Qxb6 25. Rc1 Kd7 26. Rc2 Rb8 27. b3 a5 28. Rhc1 Rhc8 29. Nc3 Qb4 30. Rb2 c5 31. dxc5 Bxc5 32. Qd2 Be7 33. Na4 Rxc1+ 34. Qxc1 Qd4 35. Bf1 Ba3 36. Rd2 Qxa4 37. Qc3 Qb4 38. Qe3 Qc5 39. Qe1 Rc8 40. Bc4 Bb4 0-1

[Event "COL-ch U20 Girls"]
[Site "Cali"]
[Date "2023.06.23"]
[Round "2"]
[White "Bonilla Barreiro, Maria Jose"]
[Black "Martinez Salgado, Gabriela"]
[Result "1/2-1/2"]
[WhiteElo "1362"]
[BlackElo "1209"]
[PlyCount "66"]
[EventDate "2023.06.22"]
[EventType "swiss"]
[EventRounds "7"]
[EventCountry "COL"]
[SourceTitle "CBM 214 Extra"]
[Source "ChessBase"]
[SourceDate "2023.07.31"]
[SourceVersion "1"]
[SourceVersionDate "2023.07.31"]
[SourceQuality "1"]

1. d4 Nf6 2. Bf4 e6 3. Nf3 b6 4. e3 Bb7 5. Bd3 Be7 6. Nbd2 0-0 7. h3 c5 8. c3 d5 9. Qe2 c4 10. Bc2 Nbd7 11. 0-0 b5 12. e4 dxe4 13. Bxe4 Nxe4 14. Nxe4 Bxe4 15. Qxe4 Nf6 16. Qe2 Qd5 17. Rfe1 Rac8 18. Ne5 Bd6 19. Bg5 Ne8 20. Bh4 Nc7 21. Qg4 f6 22. Nf3 Rce8 23. Bg3 Bxg3 24. Qxg3 Qd7 25. Rad1 Nd5 26. Nd2 Qc6 27. Ne4 e5 28. dxe5 Rxe5 29. Nxf6+ Qxf6 30. Rxe5 Nf4 31. Qe3 Qg6 32. g3 Nxh3+ 33. Kh2 Nxf2 1/2-1/2

[Event "COL-ch U20 Girls"]
[Site "Cali"]
[Date "2023.06.23"]
[Round "3"]
[White "Carrillo Riano, Karen Sofia"]
[Black "Bonilla Barreiro, Maria Jose"]
[Result "0-1"]
[WhiteElo "1312"]
[BlackElo "1362"]
[PlyCount "48"]
[EventDate "2023.06.22"]
[EventType "swiss"]
[EventRounds "7"]
[EventCountry "COL"]
[SourceTitle "CBM 214 Extra"]
[Source "ChessBase"]
[SourceDate "2023.07.31"]
[SourceVersion "1"]
[SourceVersionDate "2023.07.31"]
[SourceQuality "1"]

1. e4 c5 2. Nf3 d6 3. d4 cxd4 4. Nxd4 Nf6 5. Nc3 a6 6. h3 e6 7. g4 Qc7 8. Be3 Nc6 9. Bg2 Be7 10. 0-0 Ne5 11. Nce2 b5 12. Ng3 Bb7 13. Nde2 Nc4 14. Bd4 h6 15. b3 Ne5 16. f4 Nc6 17. Be3 Nd7 18. Qe1 Bh4 19. Qf2 Ne7 20. Bd4 f6 21. Qe3 Nc6 22. Bb2 Nb4 23. c3 Nc2 24. Qd3 Nxa1 0-1

[Event "Antioquia op"]
[Site "Antioquia"]
[Date "2020.03.07"]
[Round "7"]
[White "Florez Caceres, Rafael Omar"]
[Black "Bonilla Barreiro, Maria Jose"]
[Result "1-0"]
[WhiteElo "1568"]
[BlackElo "1108"]
[PlyCount "69"]
[EventDate "2020.03.03"]
[EventType "swiss"]
[EventRounds "9"]
[EventCountry "COL"]
[SourceTitle "CBM 195 Extra"]
[Source "ChessBase"]
[SourceDate "2020.05.31"]
[SourceVersion "1"]
[SourceVersionDate "2020.05.31"]
[SourceQuality "1"]

1. e4 c5 2. Nc3 e5 3. g3 d6 4. Bg2 Nc6 5. d3 Nf6 6. f4 Nd4 7. h3 g6 8. Be3 Nh5 9. Nge2 Bh6 10. Qd2 Ne6 11. 0-0-0 Nd4 12. Rhf1 Be6 13. fxe5 Bxe3 14. Qxe3 dxe5 15. g4 Nf6 16. Qh6 Nd7 17. Nxd4 cxd4 18. Nd5 Qa5 19. Kb1 0-0-0 20. Qd2 Qa6 21. c4 dxc3 22. Qxc3+ Kb8 23. b3 Rc8 24. Qb2 Rc6 25. Nb4 Qb5 26. Nxc6+ Qxc6 27. Rc1 Qb5 28. Rfd1 Nb6 29. Qc3 Na4 30. Qc7+ Ka8 31. d4 Re8 32. d5 Bd7 33. Bf1 Qb4 34. Qxd7 Rb8 35. Qxa4 1-0

[Event "COL-ch U12 Girls"]
[Site "Cali"]
[Date "2019.06.23"]
[Round "8.5"]
[White "Bonilla Barreiro, Maria Jose"]
[Black "Riano Espinoza, Laura Sofia"]
[Result "1-0"]
[WhiteElo "1491"]
[BlackElo "1480"]
[PlyCount "29"]
[EventDate "2019.06.19"]
[EventType "tourn"]
[EventRounds "9"]
[EventCountry "COL"]
[SourceTitle "CBM 191 Extra"]
[Source "ChessBase"]
[SourceDate "2019.09.30"]
[SourceVersion "1"]
[SourceVersionDate "2019.09.30"]
[SourceQuality "1"]

1. e4 c5 2. Nf3 d6 3. Bc4 Nf6 4. Nc3 a6 5. d3 b5 6. Bb3 Nc6 7. Bg5 h6 8. Bh4 g5 9. Bg3 e5 10. h3 Be7 11. 0-0 Nd4 12. Nd5 Nxf3+ 13. Qxf3 g4 14. Nxf6+ Bxf6 15. hxg4 1-0